[Event "ISR-chT"]
[Site "Israel"]
[Date "2024.02.09"]
[Round "5.7"]
[White "Erigaisi, Arjun Kumar"]
[Black "Nabaty, Tamir"]
[Result "1-0"]
[WhiteElo "2738"]
[BlackElo "2639"]
[PlyCount "113"]
[EventDate "2024.01.10"]
[EventType "team-tourn"]
[EventRounds "11"]
[EventCountry "ISR"]
[SourceTitle "CB09_2024"]
[SourceDate "2024.02.28"]
[SourceVersion "1"]
[SourceVersionDate "2024.02.28"]
[SourceQuality "1"]
[WhiteTeam "Rishon Le Zion"]
[BlackTeam "Beer Sheva"]
[WhiteTeamCountry "ISR"]
[BlackTeamCountry "ISR"]

1. c4 e5 2. g3 Nf6 3. Bg2 d5 4. cxd5 Nxd5 5. Nc3 Nf6 6. Nf3 Nc6 7. 0-0 h6 8. b4 e4 9. Ne1 Bxb4 10. Nxe4 Nxe4 11. Bxe4 0-0 12. Nc2 Ba5 13. Bg2 Be6 14. d4 Bd5 15. Qd3 Bxg2 16. Kxg2 Nb4 17. Nxb4 Bxb4 18. Rb1 Qe7 19. e4 c6 20. f3 Rfd8 21. Rd1 Rd7 22. Qb3 Ba5 23. Qa4 Qd8 24. Bb2 Bb6 25. Ba1 Qe8 26. Rd2 Rad8 27. Rbd1 Qe6 28. Qc2 Qg6 29. Bc3 h5 30. a4 Bc7 31. Kh1 Qe6 32. Bb2 Ba5 33. Rd3 f5 34. d5 cxd5 35. exd5 Qg6 36. Be5 Bb4 37. d6 Qe6 38. Rd5 a5 39. Bf4 g6 40. Qd3 Qf7 41. Qb5 Rc8 42. h4 Qe6 43. Re5 Qf7 44. Re3 Rc2 45. Rd5 Rc6 46. Kg2 Rc8 47. Kh3 Re8 48. Rxe8+ Qxe8 49. Re5 Qf7 50. Re2 Bxd6 51. Rd2 Qe6 52. Qd3 Qe1 53. Rd1 Qe6 54. Bxd6 f4+ 55. Kg2 fxg3 56. Kxg3 Kf7 57. Qd4 1-0

[Event "EU-chT 24th"]
[Site "Budva"]
[Date "2023.11.13"]
[Round "3.5"]
[White "Nabaty, Tamir"]
[Black "Bok, Benjamin"]
[Result "1-0"]
[WhiteElo "2632"]
[BlackElo "2621"]
[PlyCount "89"]
[EventDate "2023.11.11"]
[EventType "team-swiss"]
[EventRounds "9"]
[EventCountry "MNE"]
[SourceTitle "CB47_2023"]
[SourceDate "2023.11.22"]
[SourceVersion "1"]
[SourceVersionDate "2023.11.22"]
[SourceQuality "1"]
[WhiteTeam "Israel"]
[BlackTeam "Netherlands"]
[WhiteTeamCountry "ISR"]
[BlackTeamCountry "NED"]

1. d4 Nf6 2. c4 e6 3. Nc3 Bb4 4. Qc2 d5 5. a3 Bxc3+ 6. Qxc3 0-0 7. e3 b6 8. Nf3 Ba6 9. b3 Nbd7 10. Be2 c5 11. 0-0 Rc8 12. a4 dxc4 13. bxc4 Qc7 14. Ba3 Rfd8 15. Rfd1 h6 16. Rac1 cxd4 17. exd4 Qf4 18. Qe3 Qf5 19. h3 Bb7 20. Be7 Re8 21. Bd6 Bc6 22. a5 bxa5 23. Ne5 Nxe5 24. dxe5 Nd7 25. f4 Qg6 26. g4 f5 27. Kh2 fxg4 28. Bxg4 h5 29. Bf3 Bxf3 30. Qxf3 Nb6 31. c5 Nd5 32. Rxd5 exd5 33. f5 Qh6 34. Rg1 Kh7 35. f6 gxf6 36. Qf5+ Kh8 37. Rg6 Qd2+ 38. Rg2 Qh6 39. Be7 Rf8 40. Bxf6+ Rxf6 41. exf6 Rf8 42. f7 a4 43. c6 a3 44. c7 a2 45. Rg8+ 1-0

[Event "Kazakhstan Cup"]
[Site "Astana"]
[Date "2023.04.30"]
[Round "9"]
[White "Nabaty, Tamir"]
[Black "Goganov, Aleksey"]
[Result "1/2-1/2"]
[WhiteElo "2645"]
[BlackElo "2525"]
[PlyCount "82"]
[EventDate "2023.04.23"]
[EventType "swiss"]
[EventRounds "9"]
[EventCountry "KAZ"]
[SourceTitle "CBM 213 Extra"]
[Source "ChessBase"]
[SourceDate "2023.05.31"]
[SourceVersion "1"]
[SourceVersionDate "2023.05.31"]
[SourceQuality "1"]

1. d4 d5 2. c4 c6 3. Nf3 Nf6 4. Nc3 e6 5. e3 Nbd7 6. Qc2 Bd6 7. Bd3 0-0 8. 0-0 dxc4 9. Bxc4 a6 10. Bd2 c5 11. dxc5 Bxc5 12. a4 Qe7 13. e4 Bd6 14. Rad1 Ne5 15. Nxe5 Bxe5 16. Ne2 Bd7 17. f4 Bd6 18. Kh1 Bc5 19. Rf3 Bc6 20. Bd3 Rad8 21. Nc3 Ng4 22. Rdf1 Qh4 23. h3 Nf2+ 24. Kh2 Nxd3 25. Rxd3 Rxd3 26. Qxd3 Rd8 27. Qe2 h6 28. Rf3 Qe7 29. Be3 Bxe3 30. Qxe3 Qb4 31. f5 exf5 32. Rxf5 Qxb2 33. Nd5 Bxd5 34. exd5 Qb4 35. a5 Qd6+ 36. Kg1 Rc8 37. Re5 Kf8 38. Qf4 Rd8 39. Qe4 Qc5+ 40. Kh1 g6 41. Qh4 Kg7 1/2-1/2

[Event "Kazakhstan Cup"]
[Site "Astana"]
[Date "2023.04.26"]
[Round "5"]
[White "Urazayev, Arystanbek"]
[Black "Nabaty, Tamir"]
[Result "0-1"]
[WhiteElo "2460"]
[BlackElo "2645"]
[PlyCount "80"]
[EventDate "2023.04.23"]
[EventType "swiss"]
[EventRounds "9"]
[EventCountry "KAZ"]
[SourceTitle "CBM 213 Extra"]
[Source "ChessBase"]
[SourceDate "2023.05.31"]
[SourceVersion "1"]
[SourceVersionDate "2023.05.31"]
[SourceQuality "1"]

1. e4 e5 2. Nf3 Nc6 3. Bb5 a6 4. Ba4 Nf6 5. 0-0 Bc5 6. c3 0-0 7. d4 Ba7 8. Bg5 h6 9. Bh4 exd4 10. Re1 d6 11. Bxc6 bxc6 12. Nxd4 Bd7 13. Nd2 Re8 14. Qf3 g5 15. Bg3 Bg4 16. Qd3 Qd7 17. h3 Bh5 18. Qc4 c5 19. Nf5 d5 20. Nxh6+ Kh7 21. exd5 Kxh6 22. Rxe8 Rxe8 23. Qxa6 Bb6 24. d6 Qc6 25. dxc7 Ra8 26. Qc4 Bxc7 27. Bxc7 Qxc7 28. Nb3 Rc8 29. a4 Qe5 30. Qa6 Rd8 31. Qb6 Rd5 32. a5 Bd1 33. Nxc5 Kg7 34. a6 g4 35. a7 gxh3 36. Qxf6+ Kxf6 37. Nd7+ Rxd7 38. a8Q Kg7 39. Ra5 Qf4 40. Qe8 Rd2 0-1

[Event "Kazakhstan Cup"]
[Site "Astana"]
[Date "2023.04.24"]
[Round "2"]
[White "Nabaty, Tamir"]
[Black "Khusenkhojaev, Mustafokhuja"]
[Result "1-0"]
[WhiteElo "2645"]
[BlackElo "2279"]
[PlyCount "83"]
[EventDate "2023.04.23"]
[EventType "swiss"]
[EventRounds "9"]
[EventCountry "KAZ"]
[SourceTitle "CBM 213 Extra"]
[Source "ChessBase"]
[SourceDate "2023.05.31"]
[SourceVersion "1"]
[SourceVersionDate "2023.05.31"]
[SourceQuality "1"]

1. c4 e5 2. Nc3 Nf6 3. g3 d5 4. cxd5 Nxd5 5. Bg2 Nxc3 6. bxc3 Nc6 7. d3 Bc5 8. Nf3 0-0 9. 0-0 Rb8 10. Bb2 Qe7 11. d4 Rd8 12. e3 Bg4 13. Qc2 Bd6 14. Rfe1 e4 15. Nd2 f5 16. f3 exf3 17. Nxf3 Kh8 18. Nh4 Rf8 19. e4 f4 20. e5 f3 21. exd6 Qd7 22. h3 f2+ 23. Kh2 fxe1Q 24. Rxe1 Bf5 25. Nxf5 Rxf5 26. dxc7 Rbf8 27. Ba3 Rf2 28. Qe4 Rg8 29. d5 Rxa2 30. Qe6 Qxc7 31. Bd6 Qb6 32. dxc6 Rc2 33. Rf1 h6 34. Qg6 Rxg2+ 35. Kxg2 Qxc6+ 36. Kh2 Rd8 37. Rf7 Qxc3 38. h4 Qb2+ 39. Kh3 Qa1 40. Qe4 Qc1 41. Be5 Qc8+ 42. Qg4 1-0

[Event "CZE-chT 2223"]
[Site "Czech Republic"]
[Date "2023.03.26"]
[Round "11.3"]
[White "Nabaty, Tamir"]
[Black "Rodshtein, Maxim"]
[Result "1-0"]
[WhiteElo "2623"]
[BlackElo "2602"]
[PlyCount "139"]
[EventDate "2022.10.15"]
[EventType "team-tourn"]
[EventRounds "11"]
[EventCountry "CZE"]
[SourceTitle "CBM 213 Extra"]
[Source "ChessBase"]
[SourceDate "2023.05.31"]
[SourceVersion "1"]
[SourceVersionDate "2023.05.31"]
[SourceQuality "1"]
[WhiteTeam "Lysa nad Labem"]
[BlackTeam "Turnov Zikuda"]
[WhiteTeamCountry "CZE"]
[BlackTeamCountry "CZE"]

1. d4 Nf6 2. Nf3 e6 3. c4 d5 4. Nc3 Bb4 5. cxd5 exd5 6. Bf4 Ne4 7. Rc1 Nc6 8. Nd2 Nxc3 9. bxc3 Ba3 10. Rb1 0-0 11. e3 Ne7 12. Bd3 Bd6 13. Bxd6 Qxd6 14. Qc2 Ng6 15. c4 c6 16. 0-0 b6 17. Rfc1 dxc4 18. Nxc4 Qe7 19. a4 c5 20. a5 cxd4 21. exd4 Be6 22. axb6 axb6 23. Bxg6 hxg6 24. Nxb6 Ra2 25. Qc5 Qf6 26. d5 Bf5 27. Rb3 Re8 28. h3 Ree2 29. Rf3 Qe5 30. Nc4 Re1+ 31. Rxe1 Qxe1+ 32. Kh2 Rc2 33. Qd4 Qe4 34. Rf4 Qxd4 35. Rxd4 Rxf2 36. d6 Rc2 37. Nb6 Rc6 38. d7 Bxd7 39. Nxd7 f6 40. Rd5 Rc2 41. h4 Re2 42. Kg3 Kh7 43. Nc5 Rc2 44. Nd3 Rc4 45. Ne1 Ra4 46. Nf3 Rc4 47. Kf2 Kh6 48. g3 Rc2+ 49. Ke3 Rc4 50. Rd4 Rc8 51. Kf4 Ra8 52. g4 Rb8 53. Rd7 Rb4+ 54. Rd4 Rb8 55. Nd2 Ra8 56. Ne4 Rb8 57. Rd7 Rf8 58. Re7 g5+ 59. hxg5+ fxg5+ 60. Ke5 Rf4 61. Re6+ g6 62. Nf6 Rf1 63. Re8 Re1+ 64. Kd6 Ra1 65. Nd7 Ra6+ 66. Ke7 Kg7 67. Rd8 Ra7 68. Rc8 Ra4 69. Nc5 Ra7+ 70. Kd6 1-0

[Event "ISR-chT"]
[Site "Israel"]
[Date "2023.01.21"]
[Round "4.3"]
[White "Nabaty, Tamir"]
[Black "Sutovsky, Emil"]
[Result "1/2-1/2"]
[WhiteElo "2632"]
[BlackElo "2615"]
[PlyCount "119"]
[EventDate "2023.01.11"]
[EventType "team-tourn"]
[EventRounds "11"]
[EventCountry "ISR"]
[SourceTitle "CBM 212 Extra"]
[Source "ChessBase"]
[SourceDate "2023.03.31"]
[SourceVersion "1"]
[SourceVersionDate "2023.03.31"]
[SourceQuality "1"]
[WhiteTeam "Beer Sheva"]
[BlackTeam "Ashdod"]
[WhiteTeamCountry "ISR"]
[BlackTeamCountry "ISR"]

1. d4 Nf6 2. Nf3 g6 3. Nbd2 d5 4. b3 c5 5. dxc5 Bg7 6. Bb2 Na6 7. Bd4 Qc7 8. e3 Nxc5 9. c4 Bf5 10. Rc1 Qa5 11. cxd5 Nd3+ 12. Bxd3 Bxd3 13. Ne5 Ba6 14. d6 exd6 15. Nec4 Qd5 16. Bxf6 Bxf6 17. Ne4 Qxd1+ 18. Rxd1 Bg7 19. Ncxd6+ Ke7 20. b4 f5 21. b5 Bxb5 22. Nxb5 fxe4 23. Nd6 Rhd8 24. Nxe4 Rac8 25. Rxd8 Kxd8 26. Kd2 Rc4 27. Kd3 Ra4 28. Nc5 Rxa2 29. Ne6+ Ke7 30. Nxg7 Kf7 31. Rc1 Kxg7 32. Rc7+ Kh6 33. f4 Rxg2 34. e4 Rf2 35. Ke3 Rf1 36. Rxb7 a5 37. Ra7 Ra1 38. e5 a4 39. Ke4 a3 40. Kd5 Rd1+ 41. Kc6 Ra1 42. Kd7 a2 43. Ke6 Rf1 44. Rxa2 Rxf4 45. Ke7 Kg7 46. e6 Rb4 47. Ra8 Rb2 48. h4 h5 49. Kd7 Rd2+ 50. Ke8 g5 51. hxg5 h4 52. Ra4 h3 53. Rh4 h2 54. Rh6 Ra2 55. Kd7 Ra7+ 56. Kd6 Ra6+ 57. Ke5 Ra5+ 58. Kf4 Ra6 59. Ke5 Ra5+ 60. Kf4 1/2-1/2

[Event "ISR-chT"]
[Site "Israel"]
[Date "2023.01.20"]
[Round "3.2"]
[White "Gorodetzky, Matan"]
[Black "Nabaty, Tamir"]
[Result "0-1"]
[WhiteElo "2333"]
[BlackElo "2632"]
[PlyCount "98"]
[EventDate "2023.01.11"]
[EventType "team-tourn"]
[EventRounds "11"]
[EventCountry "ISR"]
[SourceTitle "CBM 212 Extra"]
[Source "ChessBase"]
[SourceDate "2023.03.31"]
[SourceVersion "1"]
[SourceVersionDate "2023.03.31"]
[SourceQuality "1"]
[WhiteTeam "Rehovot"]
[BlackTeam "Beer Sheva"]
[WhiteTeamCountry "ISR"]
[BlackTeamCountry "ISR"]

1. e4 d6 2. d4 Nf6 3. Nc3 e5 4. Nf3 Nbd7 5. Bc4 Be7 6. 0-0 0-0 7. Re1 c6 8. a4 a5 9. h3 h6 10. Ba2 exd4 11. Nxd4 Nc5 12. Qf3 Be6 13. Nf5 Qd7 14. Nxh6+ gxh6 15. Bxh6 Kh8 16. Bxf8 Rxf8 17. Bxe6 fxe6 18. e5 Nh7 19. Qe3 d5 20. Rad1 Qe8 21. Rd4 Qg6 22. Re2 Rf5 23. Kh1 Nd7 24. Rg4 Qf7 25. f4 Bc5 26. Qd2 Nhf8 27. g3 Nxe5 28. Nd1 Nxg4 29. hxg4 Rf6 30. g5 Rf5 31. Qxa5 d4 32. Qe1 Bd6 33. Rh2+ Kg8 34. Nf2 e5 35. Ne4 Be7 36. Rh6 exf4 37. g4 Bxg5 38. Rh5 Qg6 39. Qe2 Re5 40. Qc4+ Qe6 41. Qxd4 Nh7 42. Nf2 Rd5 43. Qa7 f3 44. Qb8+ Bd8 45. Kh2 Rd2 46. Kg3 Qe1 47. Rh2 Qg1+ 48. Kxf3 Ng5+ 49. Ke3 Qe1+ 0-1

[Event "ISR-ch 41st"]
[Site "Arad"]
[Date "2022.12.06"]
[Round "2"]
[White "Gorshtein, Ido"]
[Black "Nabaty, Tamir"]
[Result "1-0"]
[WhiteElo "2469"]
[BlackElo "2629"]
[PlyCount "117"]
[EventDate "2022.12.05"]
[EventType "swiss"]
[EventRounds "9"]
[EventCountry "ISR"]
[SourceTitle "CBM 211 Extra"]
[Source "ChessBase"]
[SourceDate "2023.01.31"]
[SourceVersion "1"]
[SourceVersionDate "2023.01.31"]
[SourceQuality "1"]

1. c4 e6 2. Nf3 d5 3. d4 dxc4 4. e3 b5 5. a4 c6 6. b3 Bb4+ 7. Bd2 Bxd2+ 8. Nfxd2 Ne7 9. bxc4 b4 10. c5 0-0 11. Nc4 Nd7 12. Nbd2 e5 13. Nd6 exd4 14. exd4 Nd5 15. Bc4 Qe7+ 16. Qe2 Qf6 17. Nb3 N7b6 18. Ne4 Qg6 19. cxb6 Nf4 20. Qf3 Re8 21. 0-0 Rxe4 22. Rae1 Bf5 23. b7 Rf8 24. Qg3 Qd6 25. Re3 Rxe3 26. fxe3 Be6 27. Qxf4 Qxf4 28. Rxf4 Bxc4 29. Na5 Ba6 30. Rf2 Rb8 31. Rb2 Kf8 32. Rxb4 Ke8 33. Nxc6 Rxb7 34. Rxb7 Bxb7 35. Nxa7 Kd7 36. Nb5 Kc6 37. Kf2 f5 38. h3 g5 39. g4 fxg4 40. hxg4 Kb6 41. Nd6 Bd5 42. e4 Bb3 43. d5 Bxa4 44. Nf7 Kc5 45. Ke3 Bd1 46. Nxg5 Bxg4 47. Nxh7 Bc8 48. Nf6 Bh3 49. Nh5 Bc8 50. Nf4 Kc4 51. Nd3 Bh3 52. d6 Kb5 53. Kd4 Kc6 54. e5 Bg4 55. Nb4+ Kd7 56. Kc5 Ke6 57. Nc6 Kd7 58. Nd4 Bh3 59. e6+ 1-0

[Event "ISR-ch 41st"]
[Site "Arad"]
[Date "2022.12.05"]
[Round "1"]
[White "Nabaty, Tamir"]
[Black "Levin, Guy"]
[Result "1-0"]
[WhiteElo "2629"]
[BlackElo "2382"]
[PlyCount "81"]
[EventDate "2022.12.05"]
[EventType "swiss"]
[EventRounds "9"]
[EventCountry "ISR"]
[SourceTitle "CBM 211 Extra"]
[Source "ChessBase"]
[SourceDate "2023.01.31"]
[SourceVersion "1"]
[SourceVersionDate "2023.01.31"]
[SourceQuality "1"]

1. Nf3 Nf6 2. g3 b5 3. e3 a6 4. a4 b4 5. Bg2 Bb7 6. c4 bxc3 7. bxc3 e6 8. d4 c5 9. Ba3 cxd4 10. Bxf8 Kxf8 11. cxd4 g5 12. 0-0 Bxf3 13. Qxf3 d5 14. Nd2 Nc6 15. e4 Nxd4 16. Qe3 dxe4 17. Nxe4 Ng4 18. Qd2 Rc8 19. Rad1 e5 20. h3 Nh6 21. Nxg5 Kg7 22. Qe3 Re8 23. Nf3 Nhf5 24. Qe4 Nxf3+ 25. Qxf3 Qf6 26. Qg4+ Kh8 27. Rd7 Rcd8 28. Rxd8 Rxd8 29. Be4 Nd6 30. Bd3 Rg8 31. Qe2 a5 32. Rd1 e4 33. Bc2 Qe5 34. Kh2 Rb8 35. Qd2 Rb2 36. Qh6 Qe7 37. Rd2 f5 38. Rxd6 Rxc2 39. Rd7 Rxf2+ 40. Kg1 Qxd7 41. Qf8# 1-0

[Event "WchT Pool-B 13th"]
[Site "Jerusalem"]
[Date "2022.11.20"]
[Round "2.1"]
[White "Sindarov, Javokhir"]
[Black "Nabaty, Tamir"]
[Result "1-0"]
[WhiteElo "2654"]
[BlackElo "2629"]
[PlyCount "109"]
[EventDate "2022.11.20"]
[EventType "team-tourn (rapid)"]
[EventRounds "5"]
[EventCountry "ISR"]
[SourceTitle "CBM 211 Extra"]
[Source "ChessBase"]
[SourceDate "2023.01.31"]
[SourceVersion "1"]
[SourceVersionDate "2023.01.31"]
[SourceQuality "1"]
[WhiteTeam "Uzbekistan"]
[BlackTeam "Israel"]
[WhiteTeamCountry "UZB"]
[BlackTeamCountry "ISR"]

1. e4 e5 2. Nf3 Nc6 3. Bc4 Bc5 4. Nc3 Nf6 5. d3 h6 6. h3 a6 7. Be3 d6 8. Bxc5 dxc5 9. 0-0 0-0 10. Nd5 Be6 11. Ne3 Qd6 12. Nh4 g6 13. Bxe6 Qxe6 14. f4 exf4 15. Rxf4 Rad8 16. b3 Nd4 17. Rf2 Nxe4 18. dxe4 Nf5 19. Qe1 Nxh4 20. g3 Rd4 21. Ng4 f5 22. Nh2 Rxe4 23. Qf1 Re8 24. gxh4 Rxh4 25. Nf3 Re4 26. Rd1 Re3 27. Qg2 Kh7 28. Qg3 Re7 29. Rg2 g5 30. Rf1 f4 31. Qg4 Qxg4 32. hxg4 Kg6 33. Rd2 Re2 34. Rf2 Rxd2 35. Rxd2 b6 36. Kf2 Kf6 37. Rd8 Re3 38. Rf8+ Ke7 39. Rc8 Rc3 40. Ne1 Kd6 41. Rh8 Rh3 42. Nf3 Kd5 43. c4+ Kc6 44. Nxg5 Rh2+ 45. Kf3 Rxa2 46. Rxh6+ Kd7 47. Kxf4 Rb2 48. Rh3 a5 49. Ne4 Ke6 50. g5 Rb1 51. g6 Rf1+ 52. Rf3 Rg1 53. Rg3 Rf1+ 54. Kg5 Rf8 55. g7 1-0

[Event "Olympiad-44"]
[Site "Chennai"]
[Date "2022.08.06"]
[Round "8.2"]
[White "Avila Pavas, Santiago"]
[Black "Nabaty, Tamir"]
[Result "1/2-1/2"]
[WhiteElo "2453"]
[BlackElo "2631"]
[PlyCount "132"]
[EventDate "2022.07.29"]
[EventType "team-swiss"]
[EventRounds "11"]
[EventCountry "IND"]
[SourceTitle "CBM 210"]
[Source "ChessBase"]
[SourceDate "2022.10.31"]
[SourceVersion "1"]
[SourceVersionDate "2022.10.31"]
[SourceQuality "1"]
[WhiteTeam "Colombia"]
[BlackTeam "Israel"]
[WhiteTeamCountry "COL"]
[BlackTeamCountry "ISR"]

1. e4 c6 2. d4 d5 3. e5 c5 4. dxc5 e6 5. a3 Bxc5 6. Nf3 Ne7 7. c4 0-0 8. Nc3 dxc4 9. Qxd8 Rxd8 10. Na4 Bd4 11. Bg5 Nbc6 12. 0-0-0 Kf8 13. Bxc4 Bd7 14. Ba2 Bxe5 15. Nc5 Be8 16. Nxe5 Nxe5 17. Nxb7 Nd3+ 18. Kb1 Rd7 19. Be3 Rc8 20. b4 Rxb7 21. Rxd3 a5 22. Rc1 Rxc1+ 23. Kxc1 axb4 24. axb4 Rxb4 25. Rd8 Rb7 26. Kd1 Rd7+ 27. Rxd7 Bxd7 28. Bc5 g5 29. f3 f6 30. Ke2 Kf7 31. Kf2 Bc6 32. Bc4 Ng6 33. Bd6 h5 34. Bd3 Nf4 35. Bf1 e5 36. g3 Ke6 37. Ba3 Ng6 38. Bd3 Nh8 39. Bc4+ Bd5 40. Ba6 f5 41. Bc8+ Kf6 42. f4 gxf4 43. gxf4 Ng6 44. fxe5+ Kxe5 45. Bd7 Nf4 46. Ke3 Ng2+ 47. Kf2 Nf4 48. Ke3 Ng2+ 49. Kf2 Be4 50. Bc1 Nf4 51. Bxf4+ Kxf4 52. Be6 Kg4 53. Bd7 Kh3 54. Kg1 Kh4 55. Kf2 Kg4 56. Be6 Kg5 57. Kg3 Kf6 58. Bd7 Ke5 59. Be8 f4+ 60. Kf2 h4 61. Bd7 Kf6 62. Bc8 Kg5 63. Bd7 Bf5 64. Bc6 Kg4 65. Bf3+ Kg5 66. Bc6 Bg4 1/2-1/2

[Event "Olympiad-44"]
[Site "Chennai"]
[Date "2022.08.01"]
[Round "4.2"]
[White "Van Foreest, Jorden"]
[Black "Nabaty, Tamir"]
[Result "1/2-1/2"]
[WhiteElo "2678"]
[BlackElo "2631"]
[PlyCount "91"]
[EventDate "2022.07.29"]
[EventType "team-swiss"]
[EventRounds "11"]
[EventCountry "IND"]
[SourceTitle "CBM 210"]
[Source "ChessBase"]
[SourceDate "2022.10.31"]
[SourceVersion "1"]
[SourceVersionDate "2022.10.31"]
[SourceQuality "1"]
[WhiteTeam "Netherlands"]
[BlackTeam "Israel"]
[WhiteTeamCountry "NED"]
[BlackTeamCountry "ISR"]

1. e4 e5 2. Nf3 Nf6 3. d4 Nxe4 4. Bd3 d5 5. dxe5 Nc6 6. 0-0 Bg4 7. Nc3 Nxc3 8. bxc3 Bc5 9. Re1 0-0 10. h3 Bh5 11. Rb1 b6 12. Bf4 h6 13. g4 Bg6 14. Bg3 f5 15. exf6 Bxd3 16. Qxd3 Qxf6 17. Kg2 d4 18. cxd4 Nxd4 19. Nxd4 Bxd4 20. Qb3+ Kh8 21. Re6 Qf7 22. Rbe1 c5 23. Re7 Qxb3 24. cxb3 Kg8 25. Rb7 Rf7 26. Ree7 Rxe7 27. Rxe7 b5 28. Rc7 Re8 29. Rxa7 c4 30. Rd7 Bf6 31. Rc7 c3 32. Bd6 Re2 33. Bb4 Bd4 34. Kf3 Rxa2 35. Ke4 Bf6 36. Bxc3 Rc2 37. Kd3 Rxf2 38. Bxf6 Rxf6 39. Ke4 Rf1 40. Rc3 b4 41. Rd3 g5 42. Rf3 Rc1 43. Kd5 Rc3 44. Ke4 Rc1 45. Kd5 Rc3 46. Ke4 1/2-1/2

[Event "Olympiad-44"]
[Site "Chennai"]
[Date "2022.07.31"]
[Round "3.1"]
[White "Bwalya, Gillan"]
[Black "Nabaty, Tamir"]
[Result "0-1"]
[WhiteElo "2396"]
[BlackElo "2631"]
[PlyCount "52"]
[EventDate "2022.07.29"]
[EventType "team-swiss"]
[EventRounds "11"]
[EventCountry "IND"]
[SourceTitle "CBM 210"]
[Source "ChessBase"]
[SourceDate "2022.10.31"]
[SourceVersion "1"]
[SourceVersionDate "2022.10.31"]
[SourceQuality "1"]
[WhiteTeam "Zambia"]
[BlackTeam "Israel"]
[WhiteTeamCountry "ZAM"]
[BlackTeamCountry "ISR"]

1. d4 d5 2. Nf3 Nf6 3. c4 dxc4 4. e3 e6 5. Bxc4 a6 6. 0-0 c5 7. Nc3 b5 8. Be2 Bb7 9. dxc5 Bxc5 10. Qxd8+ Kxd8 11. Nd2 Bd6 12. a4 b4 13. Nc4 Bc7 14. Nb1 a5 15. Nbd2 Ke7 16. Nb3 Rc8 17. f3 Ba6 18. Nbd2 Nd5 19. Kf2 Nd7 20. b3 Be5 21. Bb2 Bxb2 22. Nxb2 Rc2 23. Nbc4 Bxc4 24. Nxc4 Nc3 25. Rfe1 Nc5 26. Kf1 Nxb3 0-1

[Event "Olympiad-44"]
[Site "Chennai"]
[Date "2022.07.29"]
[Round "1.2"]
[White "Bemmelen Van, Ursus"]
[Black "Nabaty, Tamir"]
[Result "0-1"]
[WhiteElo "2145"]
[BlackElo "2631"]
[PlyCount "64"]
[EventDate "2022.07.29"]
[EventType "team-swiss"]
[EventRounds "11"]
[EventCountry "IND"]
[SourceTitle "CBM 210"]
[Source "ChessBase"]
[SourceDate "2022.10.31"]
[SourceVersion "1"]
[SourceVersionDate "2022.10.31"]
[SourceQuality "1"]
[WhiteTeam "Netherlands Antilles"]
[BlackTeam "Israel"]
[WhiteTeamCountry "AHO"]
[BlackTeamCountry "ISR"]

1. Nf3 d5 2. g3 Nd7 3. d4 g6 4. Bg2 Bg7 5. 0-0 Ngf6 6. b3 c5 7. e3 0-0 8. Bb2 Qc7 9. Qe2 b6 10. Na3 Bb7 11. c4 Rac8 12. Rac1 Qb8 13. Rfd1 Rfd8 14. Bh3 e6 15. cxd5 Bxd5 16. Bg2 cxd4 17. Bxd4 Rxc1 18. Rxc1 e5 19. Bb2 e4 20. Ne1 Nc5 21. Rd1 Bb7 22. Nc4 Ba6 23. Rxd8+ Qxd8 24. Qd2 Qd5 25. Bxf6 Bxc4 26. Qxd5 Bxd5 27. Bxg7 Kxg7 28. Bf1 a5 29. Bb5 Nxb3 30. axb3 Bxb3 31. Kf1 a4 32. Bxa4 Bxa4 0-1

[Event "ISR-chT"]
[Site "Israel"]
[Date "2022.03.05"]
[Round "10.4"]
[White "Nabaty, Tamir"]
[Black "Smirin, Ilia"]
[Result "1/2-1/2"]
[WhiteElo "2643"]
[BlackElo "2614"]
[PlyCount "79"]
[EventDate "2022.01.14"]
[EventType "team-tourn"]
[EventRounds "11"]
[EventCountry "ISR"]
[SourceTitle "EXT 2023"]
[Source "ChessBase"]
[SourceDate "2022.10.05"]
[SourceVersion "1"]
[SourceVersionDate "2022.10.05"]
[SourceQuality "1"]
[WhiteTeam "Beer Sheva"]
[BlackTeam "Ashdod"]
[WhiteTeamCountry "ISR"]
[BlackTeamCountry "ISR"]

1. d4 Nf6 2. Nf3 g6 3. Nbd2 Bg7 4. e4 d6 5. Bd3 0-0 6. 0-0 c5 7. c3 cxd4 8. cxd4 Nc6 9. Re1 Nh5 10. Nb3 e5 11. Bg5 Nf6 12. dxe5 Nxe5 13. Nxe5 dxe5 14. Rc1 h6 15. Be3 b6 16. f3 Be6 17. Bc4 Qe7 18. Nd2 Rfc8 19. Qb3 Bd7 20. a4 Rc6 21. Rc3 Rac8 22. Rec1 Ne8 23. Nb1 Bf8 24. Bd5 Rxc3 25. Rxc3 Kg7 26. Rxc8 Bxc8 27. Nc3 Nc7 28. Bc4 h5 29. h3 Qh4 30. Bf2 Qg5 31. h4 Qc1+ 32. Kh2 Ne6 33. Bxe6 Bxe6 34. Qb5 Bc5 35. Bxc5 bxc5 36. Qxc5 Qf4+ 37. Kg1 Qc1+ 38. Kh2 Qf4+ 39. Kg1 Qc1+ 40. Kh2 1/2-1/2

[Event "ISR-chT"]
[Site "Israel"]
[Date "2022.02.12"]
[Round "6.6"]
[White "Nabaty, Tamir"]
[Black "Boruchovsky, Avital"]
[Result "1/2-1/2"]
[WhiteElo "2643"]
[BlackElo "2541"]
[PlyCount "119"]
[EventDate "2022.01.14"]
[EventType "team-tourn"]
[EventRounds "11"]
[EventCountry "ISR"]
[SourceTitle "EXT 2023"]
[Source "ChessBase"]
[SourceDate "2022.10.05"]
[SourceVersion "1"]
[SourceVersionDate "2022.10.05"]
[SourceQuality "1"]
[WhiteTeam "Beer Sheva"]
[BlackTeam "Kfar Saba"]
[WhiteTeamCountry "ISR"]
[BlackTeamCountry "ISR"]

1. e4 c5 2. Nf3 d6 3. d4 cxd4 4. Nxd4 Nf6 5. Bd3 g6 6. c4 Bg7 7. Nc3 Nc6 8. Nde2 0-0 9. 0-0 a5 10. h3 Nd7 11. Be3 Nc5 12. Nf4 a4 13. Rc1 Qa5 14. Qd2 Be6 15. Nxe6 fxe6 16. f4 a3 17. bxa3 Nxd3 18. Qxd3 Qxa3 19. c5 Nb4 20. Qc4 Kh8 21. Bd4 e5 22. fxe5 Rxf1+ 23. Rxf1 Nc6 24. Nb5 Qa6 25. cxd6 Nxd4 26. Qxd4 Qxb5 27. dxe7 Re8 28. a4 Qc6 29. Qd6 Kg8 30. a5 h6 31. Rd1 Qc2 32. Rf1 Qxe4 33. a6 bxa6 34. Qd7 Qa8 35. Qe6+ Kh8 36. Rf7 Qe4 37. Qd7 Qe3+ 38. Rf2 Qc1+ 39. Kh2 Qc8 40. Qd6 Qb8 41. g3 Kh7 42. h4 Qb3 43. h5 gxh5 44. Rf8 Qc2+ 45. Kg1 h4 46. gxh4 Qb1+ 47. Kf2 Qb2+ 48. Kg1 Rxf8 49. exf8N+ Bxf8 50. Qxf8 Qxe5 51. Qc8 a5 52. h5 Kg7 53. Qb7+ Kf6 54. Kf2 Kg5 55. Kf3 Kxh5 56. Qf7+ Kg5 57. Qg8+ Kf6 58. Qh8+ Kf5 59. Qh7+ Ke6 60. Qxh6+ 1/2-1/2

[Event "Chess.com Rapid Wk1 Swiss"]
[Site "Chess.com INT"]
[Date "2022.02.12"]
[Round "1"]
[White "Nabaty, Tamir"]
[Black "Caruana, Fabiano"]
[Result "1/2-1/2"]
[WhiteElo "2645"]
[BlackElo "2792"]
[PlyCount "90"]
[EventDate "2022.02.12"]
[EventType "swiss (rapid)"]
[EventRounds "9"]
[EventCountry "USA"]
[SourceTitle "CBM 206 Extra"]
[Source "ChessBase"]
[SourceDate "2022.03.31"]
[SourceVersion "1"]
[SourceVersionDate "2022.03.31"]
[SourceQuality "1"]

1. e4 e5 2. Nf3 Nc6 3. Nc3 Nf6 4. d4 exd4 5. Nxd4 Bb4 6. Nxc6 bxc6 7. Bd3 d6 8. 0-0 0-0 9. Bg5 h6 10. Bh4 g5 11. Bg3 Re8 12. f3 Nh5 13. Bf2 Qf6 14. Ne2 Ba5 15. c3 Bb6 16. Qd2 Nf4 17. Nxf4 gxf4 18. g3 Bh3 19. Bxb6 axb6 20. Rf2 fxg3 21. hxg3 Be6 22. Rh2 Kg7 23. a3 Rh8 24. Kf2 Qg5 25. f4 Qf6 26. Rh4 Rae8 27. Rah1 Bd7 28. g4 c5 29. Kg3 Bc6 30. Qe3 Qe6 31. Re1 Kf8 32. e5 dxe5 33. fxe5 Qd5 34. Re2 Ke7 35. Bf5 Rd8 36. Rxh6 Rxh6 37. Qg5+ Ke8 38. Qg8+ Ke7 39. Qg5+ Ke8 40. Qxh6 Qf3+ 41. Kh4 Qh1+ 42. Kg5 Qc1+ 43. Kh5 Qh1+ 44. Kg5 Qc1+ 45. Kh5 Qh1+ 1/2-1/2